Pays du Risk sur une carte. - Statistiques

Statistiques générales
  • Ce quiz a été pris 7 950 fois
  • Le résultat moyen est 23 sur 42
Réponses sur la Carte
Les réponses sont colorées sur une échelle allant du rouge au vert en fonction du pourcentage des utilisateurs qui les ont devinées à leur premier essai. Vous pouvez retrouver ces pourcentages ci-dessous.
 
Statistiques - réponses
Continent Lieux % Correct
Amérique du Sud Brésil
89%
Asie Inde
86%
Europe Grande-Bretagne
84%
Amérique du Sud Argentine
82%
Asie Chine
82%
Asie Japon
80%
Europe Islande
79%
Afrique Afrique du Sud
76%
Afrique Madagascar
75%
Amérique du Nord Groenland
74%
Amérique du Sud Pérou
71%
Amérique du Nord Alaska
70%
Oceanie Indonesie
69%
Europe Europe de l'Ouest
68%
Afrique Égypte
61%
Europe Europe du Sud
60%
Europe Europe du Nord
59%
Amérique du Sud Venezuela
59%
Europe Scandinavie
58%
Afrique Afrique Orientale
57%
Asie Moyen-Orient
55%
Oceanie Australie Occidentale
54%
Amérique du Nord Amérique Centrale
53%
Oceanie Australie Orientale
52%
Amérique du Nord Québec
52%
Afrique Afrique Centrale
51%
Asie Siam
51%
Oceanie Nouvelle Guinée
50%
Asie Sibérie
48%
Afrique Afrique du Nord
46%
Asie Mongolie
42%
Amérique du Nord Ontario
39%
Asie Oural
32%
Asie Kamchatka
30%
Europe Ukraine
27%
Amérique du Nord États de l'Est
26%
Amérique du Nord États de l'Ouest
26%
Amérique du Nord Alberta
25%
Asie Afghanistan
21%
Amérique du Nord Territoires du Nord-Ouest
21%
Asie Yakoutie
14%
Asie Tchita
9%
Aucun quiz correspondant
Distribution des résultats
% des personnes avec chaque résultat
Percentile par nombre de réponses
Votre historique - résultats
Vous n’avez pas pris ce quiz